| 000 | 00502nam a2200181 4500 | ||
|---|---|---|---|
| 001 | 136510 | ||
| 003 | ES-MaACL | ||
| 005 | 20231209062945.0 | ||
| 007 | t| | ||
| 008 | 070214s1971 sp r ||||1| spa d | ||
| 100 | 1 |
_aSáenz-Díez, Juan Ignacio _9101326 |
|
| 245 | 1 | 3 |
_aLa civilización del desperdicio / _cJ. I. Sáenz-Díez |
| 260 |
_aBarcelona : _bDopesa, _c1971. |
||
| 300 |
_a154 p. ; _c18 cm. |
||
| 852 |
_aES-MaACL _jC-45920 _bR.77828 |
||
| 942 | _2udc | ||
| 999 |
_c136510 _d136510 |
||